000
00252nam a22000977a 4500
020
_a
0072546468
050
_a
QA 154.2 .D84 2004
100
_a
MARK DUGOPOLSKI
245
_a
INSTRUCTORS SOLUTION MANUAL TO ACCOMPANY INTERMEDIATE ALGEBRA
942
_2
lcc
_c
GEN
999
_c
12111
_d
12111